| 000 | 00614nam a2200217 u 4500 | ||
|---|---|---|---|
| 005 | 20230921063658.0 | ||
| 008 | 090818s2007 mx r 000 0 spa d | ||
| 020 | _a970770845X (10 dígitos) | ||
| 020 | _a9789707708457 (13 dígitos) | ||
| 035 | _aUPN01000171902 | ||
| 049 | _aCG | ||
| 050 | 4 |
_aPQ8179 V3 _bA6 |
|
| 100 | 1 |
_aVallejo, Fernando, _d1942- _930274 |
|
| 245 | 1 | 0 |
_aAños de indulgencia / _cFernando Vallejo. |
| 260 |
_aMéxico : _bSantillana, _c2007. |
||
| 300 | _a173 p. | ||
| 440 | 0 | _aAlfaguara | |
| 650 | 0 |
_aNovela colombiana _95359 |
|
| 650 | 4 |
_aLiteratura colombiana _912879 |
|
| 905 | _aLibro | ||
| 999 |
_c144006 _d144006 |
||